000 00869nam a2200289Ia 4500
005 20260324142417.0
008 008 260324s9999 xx 000 0 eng d
020 _a9780203713297
037 _aEBOOK
040 _aCRL
040 _beng
040 _cCRL
041 _2eng
041 _aeng
084 _qCRL
100 _aHans Volland; Hans Volland; W. Baumjohann; A. A. Few; K. H. Glassmeier; M. Hayakawa; C. L. Longmire; R. Reiter; M. Parrot; Gerd Prolss; A.D. Richmond; Vikas S. Sonwalkar; Hannes Voigt; J. Wiesinger; S. Sahzin
_91211838
245 0 _aHandbook of Atmospheric Electrodynamics (1995)
245 0 _bVolume II
260 _bTaylor and Francis
260 _c1995
365 _a
365 _b640
856 _uhttp://www.taylorfrancis.com/books/9780203713297
942 _cEBOOK
999 _c1816002
_d1816002